|
|
|
|
| LEADER |
00848nam a22002177a 4500 |
| 001 |
AAL7921 |
| 003 |
BD-DhAAL |
| 005 |
20160217152414.0 |
| 008 |
160217s 2013bg ||||| |||| 00| 0 ben d |
| 020 |
|
|
|a 9787009300110
|
| 040 |
|
|
|a BD-DhAAL
|c BD-DhAAL
|
| 082 |
|
|
|a 954.0350924
|
| 245 |
|
|
|a মহাত্না গান্ধী রচনাবলী ১ :
|b অটোবায়োগ্রাফী অব মহাত্মা গান্ধী /
|c আনুবাদ নাজমুল আলম
|
| 260 |
|
|
|a ঢাকা :
|b নালন্দ ঢাকা,
|c ২০১৩
|
| 300 |
|
|
|a ২৮৫ পৃ. ;
|c ২২ সে.মি.
|
| 541 |
|
|
|e 7921
|
| 600 |
|
|
|a Gandhi, -- Mahatma,
|y 1869-1948.
|9 18026
|
| 700 |
|
|
|a আলম, নাজমুল
|9 18027
|
| 852 |
|
|
|a Savar Campus Library
|c General Shelf
|
| 942 |
|
|
|2 ddc
|c BK
|
| 999 |
|
|
|c 36875
|d 36875
|